| 000 | 00000nam##2200000za#4500 |
| 001 | 9.644081 |
| 003 | CaOODSP |
| 005 | 20210624224458 |
| 007 | cr ||||||||||| |
| 008 | 150407|2012||||xxc|||||o f|0| 0 fre|d |
| 040 | |aCaOODSP|bfre |
| 043 | |an-cn--- |
| 086 | 1 |aR5-26/2012F-PDF |
| 110 | 1 |aCanada.|bAffaires indiennes et du Nord. |
| 245 | 10|aPoursuivre sur la lancée : |h[ressource électronique]|bquatrième et dernier rapport du gouvernement du Canada en réponse à la Loi de mise en oeuvre de l'Accord de Kelowna, 2011-2012 |
| 260 | |aOttawa - Ontario : |bAffaires indiennes et du Nord |c[2012]. |
| 300 | |a54p. |
| 590 | |a15-02-Supp|b2015-02-16 |
| 691 | 07|aAutochtones|2gcpds |
| 691 | 07|aServices gouvernementaux|2gcpds |
| 775 | 08|tSustaining momentum : |w(CaOODSP)9.700129 |
| 856 | 40|ahttp://publications.gc.ca|qPDF|s686 Ko|uhttps://publications.gc.ca/collections/collection_2014/aadnc-aandc/R5-26-2012-fra.pdf |